[Event "GER-ch53 V04 email"]
[Site "GER email"]
[Date "2021.04.21"]
[Round "?"]
[White "Bolz, Barbara"]
[Black "Kuna, Heiko"]
[Result "1/2-1/2"]
[WhiteElo "2043"]
[BlackElo "2040"]
[PlyCount "68"]
[EventDate "2021.04.21"]
[EventType "tourn (corr)"]
[EventRounds "10"]
[EventCountry "GER"]
[SourceTitle "Corr 2024"]
[Source "ChessBase"]
[SourceDate "2023.10.19"]
[SourceVersion "1"]
[SourceVersionDate "2023.10.19"]
[SourceQuality "1"]

1. d4 Nf6 2. c4 e6 3. Nc3 d5 4. cxd5 exd5 5. Bg5 c6 6. e3 Be7 7. Bd3 Nbd7 8. Qc2 0-0 9. Nf3 h6 10. Bh4 Re8 11. 0-0 Ne4 12. Bxe4 Bxh4 13. Bh7+ Kh8 14. Nxh4 Qxh4 15. Bd3 Qe7 16. Rfe1 Nf6 17. a3 Bd7 18. h3 h5 19. Qb3 Be6 20. Qd1 g6 21. Qf3 Kg7 22. Qf4 a5 23. Rac1 Rac8 24. Qg3 Rh8 25. h4 Rhe8 26. Rcd1 Bg4 27. f3 Bd7 28. Kf1 Qf8 29. Kf2 Qe7 30. Qg5 Qd6 31. Ne2 Nh7 32. Qf4 Qxf4 33. Nxf4 a4 34. Rd2 Nf6 1/2-1/2

[Event "GER M06-C email"]
[Site "GER email"]
[Date "2017.06.26"]
[Round "?"]
[White "Schmidt, Theo"]
[Black "Bolz, Barbara"]
[Result "1/2-1/2"]
[WhiteElo "2400"]
[BlackElo "2384"]
[PlyCount "73"]
[EventDate "2017.??.??"]
[EventType "tourn (corr)"]
[EventRounds "10"]
[EventCountry "GER"]
[SourceTitle "Corr 2020"]
[Source "ChessBase"]
[SourceDate "2019.09.30"]
[SourceVersion "1"]
[SourceVersionDate "2019.09.30"]
[SourceQuality "1"]

1. e4 c5 2. Nf3 Nc6 3. Bb5 g6 4. 0-0 Bg7 5. Bxc6 bxc6 6. Re1 Nh6 7. c3 0-0 8. h3 f6 9. d4 cxd4 10. cxd4 Nf7 11. Nc3 d6 12. b3 Qa5 13. Bd2 Qb6 14. Rc1 Re8 15. Bf4 Qb4 16. Qd3 Rb8 17. Red1 Bd7 18. Be3 Rbc8 19. Qa6 Qb6 20. Qe2 Qc7 21. Nd2 f5 22. e5 Qb7 23. Nc4 Be6 24. f4 Qa6 25. Nb2 Qxe2 26. Nxe2 h6 27. Nc4 g5 28. Kf2 gxf4 29. Nxf4 Bxc4 30. Rxc4 dxe5 31. dxe5 Bxe5 32. Rdc1 Red8 33. Rxc6 Rxc6 34. Rxc6 Bxf4 35. Bxf4 e5 36. Bxh6 f4 37. Ra6 1/2-1/2

[Event "GER CM03-B email"]
[Site "GER email"]
[Date "2016.06.26"]
[Round "?"]
[White "Bolz, Barbara"]
[Black "Bolz, Joachim"]
[Result "1-0"]
[WhiteElo "2335"]
[BlackElo "2296"]
[PlyCount "99"]
[EventDate "2016.??.??"]
[EventType "tourn (corr)"]
[EventRounds "13"]
[EventCountry "GER"]
[SourceTitle "Corr 2020"]
[Source "ChessBase"]
[SourceDate "2019.09.30"]
[SourceVersion "1"]
[SourceVersionDate "2019.09.30"]
[SourceQuality "1"]

1. d4 Nf6 2. c4 e6 3. Nf3 b6 4. g3 Ba6 5. b3 Bb4+ 6. Bd2 Be7 7. Bg2 d5 8. cxd5 exd5 9. 0-0 0-0 10. Nc3 Bb7 11. Qc2 Re8 12. Ne5 c5 13. dxc5 Bxc5 14. Nd3 Na6 15. Nxc5 Nxc5 16. Be3 Rc8 17. Qd2 Nce4 18. Nxe4 dxe4 19. Qb2 Nd5 20. Bd4 f6 21. Rfc1 Qe7 22. Rxc8 Rxc8 23. h4 h6 24. Rc1 Rd8 25. e3 Re8 26. a3 Qd7 27. b4 Ne7 28. Qb1 Ng6 29. Qc2 Nf8 30. Qb3+ Bd5 31. Qd1 Bc6 32. Qc2 Bb7 33. Qb3+ Bd5 34. Qd1 Bc6 35. Kh2 Ba4 36. Qe2 Bb3 37. Qb2 Bd5 38. Qc2 Qb7 39. a4 Ne6 40. Ba1 Rd8 41. Bh3 Qe7 42. Bc3 Kf7 43. a5 bxa5 44. bxa5 Qa3 45. Rd1 Nc5 46. Bb2 Qxa5 47. Ra1 Qb5 48. Rxa7+ Kg8 49. Ba3 Nb7 50. Qc7 1-0